000 00514nam a22001815i 4500
001 54814
003 ES-MaACL
005 20251012063043.0
007 t|
008 960729s1881 sp ||||1| spa d
040 _aCAM
_bspa
_cCAM
100 1 _aGago, Rafael,
_d1854-1916
_953232
245 1 0 _aMaría
_b: [novela] /
_cpor Rafael Gago.
260 _aMadrid :
_b[s.n.],
_c1881 (
_fimprenta de Manuel G. Hernández)
300 _a518 p. ;
_c17 cm.
852 _aES-MaACL
_jD-2453
999 _c54814
_d54814